000 00413nam a2200145Ia 4500
008 100204s9999 xx 000 0 und d
082 _b11106
100 _aमंत्री रमेश
245 _aमहानगर
260 _b"उत्कर्ष प्रकाशन, पुणे"
_c1984 3
300 _a261
630 _aमहानगर
730 _aमहानगर
942 _cBOOK
999 _c455542
_d455539